00565nam a2200181Ia 4500003000900000008004100009020001800050040001600068080001600084100002300100245004200123260003900165300000900204650002500213942000700238999001700245952012100262IN-BaIIA211028s9999 xx 000 0 eng d a0-486-24511-X cIIA Library a530.12bEIN aEinstein, A924788 0aSidelights on relativitycA. Einstein aNew YorkbDover Publicationsc1983 a56p. aRelativity (physics) cBK c14092d14092 00104070aBANbBANcGENd2001-05-15g189.00l0o530.12/ EINp15012r2021-11-05v189.00w2001-05-15yBKGRs. 189.00